<?xml version="1.0" encoding="UTF-8"?>
<record
    xmlns:xsi="http://www.w3.org/2001/XMLSchema-instance"
    xsi:schemaLocation="http://www.loc.gov/MARC21/slim http://www.loc.gov/standards/marcxml/schema/MARC21slim.xsd"
    xmlns="http://www.loc.gov/MARC21/slim">

  <leader>01121nam a2200193 a 4500</leader>
  <controlfield tag="008">190531s2001    ag ||||gr|||| 001 f spa d</controlfield>
  <datafield tag="020" ind1=" " ind2=" ">
    <subfield code="a">9507530908</subfield>
  </datafield>
  <datafield tag="041" ind1=" " ind2=" ">
    <subfield code="a">spa</subfield>
  </datafield>
  <datafield tag="092" ind1=" " ind2=" ">
    <subfield code="2">808</subfield>
    <subfield code="c">77</subfield>
    <subfield code="l">SAR</subfield>
  </datafield>
  <datafield tag="100" ind1="1" ind2=" ">
    <subfield code="a">Sarfati, Sonia</subfield>
    <subfield code="9">4045</subfield>
  </datafield>
  <datafield tag="245" ind1=" " ind2=" ">
    <subfield code="a">V&#xE9;ronique /</subfield>
    <subfield code="c">Sarfati, Sonia</subfield>
  </datafield>
  <datafield tag="250" ind1=" " ind2=" ">
    <subfield code="a">1a ed.</subfield>
    <subfield code="b">Traducci&#xF3;n Valeria Castell&#xF3;- Joubert</subfield>
  </datafield>
  <datafield tag="260" ind1=" " ind2=" ">
    <subfield code="a">Buenos Aires:</subfield>
    <subfield code="b">C&#xE1;ntaro ; Puerto de Palos;</subfield>
    <subfield code="c">2001.</subfield>
  </datafield>
  <datafield tag="300" ind1=" " ind2=" ">
    <subfield code="a">97 p.</subfield>
  </datafield>
  <datafield tag="500" ind1=" " ind2=" ">
    <subfield code="a">Sarfati, S. (2001). V&#xE9;ronique. (1a ed.).  Buenos Aires : C&#xE1;ntaro ; Puerto de Palos.</subfield>
  </datafield>
  <datafield tag="505" ind1=" " ind2=" ">
    <subfield code="a">Gabrielle y V&#xE9;ronique son casi como hermanas. Tienen quince a&#xF1;os y se conocen profundamente. Sin embargo algo comienza a cambiar entre ellas. Mientras Gabrielle se enamora por primera vez, V&#xE9;ronique se vuelve posesiva y envidiosa. Est&#xE1; obsesionada con ser cada vez m&#xE1;s delgada. Y quiere lograrlo a cualquier precio. Pero Gabrielle no est&#xE1; dispuesta a ver c&#xF3;mo su  mejor amiga pierde el apetito por la vida. Es hora de que, juntas, prueben que son de "la raza de los sobrevivientes". </subfield>
  </datafield>
  <datafield tag="590" ind1=" " ind2=" ">
    <subfield code="a">Proyecto 4to libro. Donaci&#xF3;n Julia Cabanne, mayo 2019.</subfield>
  </datafield>
  <datafield tag="942" ind1=" " ind2=" ">
    <subfield code="2">ddc</subfield>
    <subfield code="c">LIT</subfield>
  </datafield>
  <datafield tag="999" ind1=" " ind2=" ">
    <subfield code="c">3005</subfield>
    <subfield code="d">3005</subfield>
  </datafield>
  <datafield tag="952" ind1=" " ind2=" ">
    <subfield code="0">0</subfield>
    <subfield code="1">0</subfield>
    <subfield code="2">ddc</subfield>
    <subfield code="4">0</subfield>
    <subfield code="7">0</subfield>
    <subfield code="a">BFM</subfield>
    <subfield code="b">BFM</subfield>
    <subfield code="c">CR</subfield>
    <subfield code="d">2019-05-31</subfield>
    <subfield code="e">Donaci&#xF3;n Cabanne, Julia. Mayo 2019</subfield>
    <subfield code="l">0</subfield>
    <subfield code="o">808  77 SAR</subfield>
    <subfield code="p">4434</subfield>
    <subfield code="r">2019-05-31</subfield>
    <subfield code="t">Ej. 1</subfield>
    <subfield code="w">2019-05-31</subfield>
    <subfield code="y">LIT</subfield>
    <subfield code="z">Proyecto 4to libro. Donaci&#xF3;n Cabanne, Julia. Mayo 2019</subfield>
  </datafield>
</record>
